Sports Quiz

Random Sports or NFL Quiz

NFL Starting QBs (Pittsburgh Steelers) Quiz Stats

Quiz not verified by Sporcle

Challenge
Share
Tweet
Embed
Score 0/8 Timer 03:00
0 Plays Today
Starts Quarterback % Correct
140Ben Roethlisberger
99.2%
9Charlie Batch
90.7%
80Kordell Stewart
88.4%
34Tommy Maddox
87%
1Byron Leftwich
77.8%
3Dennis Dixon
70%
4Mike Tomczak
27.9%
5Kent Graham
24.9%

You're not logged in!

Compare scores with friends on all Sporcle quizzes.
Join for Free
OR
Log In

You Might Also Like...

Show Comments

Extras

Top Quizzes Today


Score Distribution

Your Account Isn't Verified!

In order to create a playlist on Sporcle, you need to verify the email address you used during registration. Go to your Sporcle Settings to finish the process.

Report this User

Report this user for behavior that violates our Community Guidelines.

Details: